000 00444nam a2200181Ia 4500
008 151202s9999||||xx |||||||||||||| ||und||
082 _bPNVM-17593
100 _aMARSHALL HOWARD.
245 _aMEN AGAINST EVEREST.
260 _bCOUNTRY LIFE BOMBAY.
260 _c0
300 _a64
600 _aMARSHALL HOWARD.
630 _aMEN AGAINST EVEREST.
700 _aMARSHALL HOWARD.
730 _aMEN AGAINST EVEREST.
942 _cBOOK
999 _c1283578
_d1283575